| 000 -LEADER |
| fixed length control field |
02265cam a2200541 a 4500 |
| 001 - CONTROL NUMBER |
| control field |
15315178 |
| 003 - CONTROL NUMBER IDENTIFIER |
| control field |
Nust |
| 005 - DATE AND TIME OF LATEST TRANSACTION |
| control field |
20170412162301.0 |
| 008 - FIXED-LENGTH DATA ELEMENTS--GENERAL INFORMATION |
| fixed length control field |
080604s2008 nyu d 000 1 eng |
| 010 ## - LIBRARY OF CONGRESS CONTROL NUMBER |
| LC control number |
2008016435 |
| 020 ## - INTERNATIONAL STANDARD BOOK NUMBER |
| International Standard Book Number |
9780755346707 |
| 020 ## - INTERNATIONAL STANDARD BOOK NUMBER |
| International Standard Book Number |
0316113476 |
| 020 ## - INTERNATIONAL STANDARD BOOK NUMBER |
| International Standard Book Number |
9780316113472 |
| 035 ## - SYSTEM CONTROL NUMBER |
| System control number |
(OCoLC)ocn229099467 |
| 035 ## - SYSTEM CONTROL NUMBER |
| System control number |
(OCoLC)229099467 |
| Canceled/invalid control number |
(OCoLC)181603180 |
| 040 ## - CATALOGING SOURCE |
| Original cataloging agency |
DLC |
| Transcribing agency |
DLC |
| Modifying agency |
IG# |
| -- |
VPW |
| -- |
BAKER |
| -- |
BTCTA |
| -- |
DLC |
| 042 ## - AUTHENTICATION CODE |
| Authentication code |
lcac |
| -- |
lcac |
| 050 00 - LIBRARY OF CONGRESS CALL NUMBER |
| Classification number |
PZ7.V94 |
| Item number |
Tem 2008 |
| 082 00 - DEWEY DECIMAL CLASSIFICATION NUMBER |
| Classification number |
813.6 |
| Author Mark |
ZIE |
| 100 1# - MAIN ENTRY--PERSONAL NAME |
| Personal name |
Von Ziegesar, Cecily. |
| 245 10 - TITLE STATEMENT |
| Title |
Tempted : |
| Remainder of title |
an It Girl novel / |
| Statement of responsibility, etc. |
created by Cecily von Ziegesar. |
| 250 ## - EDITION STATEMENT |
| Edition statement |
1st ed. |
| 260 ## - PUBLICATION, DISTRIBUTION, ETC. |
| Place of publication, distribution, etc. |
New York : |
| Name of publisher, distributor, etc. |
Little, Brown and Co., |
| Date of publication, distribution, etc. |
2008. |
| 300 ## - PHYSICAL DESCRIPTION |
| Extent |
313 p. ; |
| Dimensions |
21 cm. |
| 500 ## - GENERAL NOTE |
| General note |
"Poppy." |
| 500 ## - GENERAL NOTE |
| General note |
Includes excerpt from: Gossip girl : the Carlyles. |
| 520 ## - SUMMARY, ETC. |
| Summary, etc. |
Beginning with Waverly Academy's annual Halloween ball, Jenny, who is still seeking her mysterious benefactor, watches her own popularity soar as Tinsley's plummets, while Callie finds herself at a Maine "health spa." |
| 650 #0 - SUBJECT ADDED ENTRY--TOPICAL TERM |
| Topical term or geographic name entry element |
Conduct of life |
| Form subdivision |
Fiction. |
| 650 #0 - SUBJECT ADDED ENTRY--TOPICAL TERM |
| Topical term or geographic name entry element |
Interpersonal relations |
| Form subdivision |
Fiction. |
| 650 #0 - SUBJECT ADDED ENTRY--TOPICAL TERM |
| Topical term or geographic name entry element |
Boarding schools |
| Form subdivision |
Fiction. |
| 650 #0 - SUBJECT ADDED ENTRY--TOPICAL TERM |
| Topical term or geographic name entry element |
Schools |
| Form subdivision |
Fiction. |
| 650 #0 - SUBJECT ADDED ENTRY--TOPICAL TERM |
| Topical term or geographic name entry element |
Arson |
| Form subdivision |
Fiction. |
| 650 #0 - SUBJECT ADDED ENTRY--TOPICAL TERM |
| Topical term or geographic name entry element |
Private schools |
| Form subdivision |
Fiction. |
| 650 #0 - SUBJECT ADDED ENTRY--TOPICAL TERM |
| Topical term or geographic name entry element |
Popularity |
| Form subdivision |
Fiction. |
| 650 #0 - SUBJECT ADDED ENTRY--TOPICAL TERM |
| Topical term or geographic name entry element |
Wealth |
| Form subdivision |
Fiction. |
| 650 #0 - SUBJECT ADDED ENTRY--TOPICAL TERM |
| Topical term or geographic name entry element |
Dating (Social customs) |
| Form subdivision |
Fiction. |
| 650 #1 - SUBJECT ADDED ENTRY--TOPICAL TERM |
| Topical term or geographic name entry element |
Popularity |
| Form subdivision |
Fiction. |
| 650 #1 - SUBJECT ADDED ENTRY--TOPICAL TERM |
| Topical term or geographic name entry element |
Interpersonal relations |
| Form subdivision |
Fiction. |
| 650 #1 - SUBJECT ADDED ENTRY--TOPICAL TERM |
| Topical term or geographic name entry element |
Boarding schools |
| Form subdivision |
Fiction. |
| 650 #1 - SUBJECT ADDED ENTRY--TOPICAL TERM |
| Topical term or geographic name entry element |
Schools |
| Form subdivision |
Fiction. |
| 650 #1 - SUBJECT ADDED ENTRY--TOPICAL TERM |
| Topical term or geographic name entry element |
Halloween |
| Form subdivision |
Fiction. |
| 651 #0 - SUBJECT ADDED ENTRY--GEOGRAPHIC NAME |
| Geographic name |
New York (State) |
| Form subdivision |
Fiction. |
| 651 #1 - SUBJECT ADDED ENTRY--GEOGRAPHIC NAME |
| Geographic name |
New York (State) |
| Form subdivision |
Fiction. |
| 856 42 - ELECTRONIC LOCATION AND ACCESS |
| Materials specified |
Contributor biographical information |
| Uniform Resource Identifier |
<a href="http://www.loc.gov/catdir/enhancements/fy0834/2008016435-b.html">http://www.loc.gov/catdir/enhancements/fy0834/2008016435-b.html</a> |
| 856 42 - ELECTRONIC LOCATION AND ACCESS |
| Materials specified |
Publisher description |
| Uniform Resource Identifier |
<a href="http://www.loc.gov/catdir/enhancements/fy0834/2008016435-d.html">http://www.loc.gov/catdir/enhancements/fy0834/2008016435-d.html</a> |
| 906 ## - LOCAL DATA ELEMENT F, LDF (RLIN) |
| a |
7 |
| b |
cbc |
| c |
orignew |
| d |
1 |
| e |
ecip |
| f |
20 |
| g |
y-gencatlg |
| 942 ## - ADDED ENTRY ELEMENTS (KOHA) |
| Source of classification or shelving scheme |
|
| Koha item type |
Book |